000 00344nam a22001457a 4500
008 230911b ||||| |||| 00| 0 eng d
020 _a0892260041
041 _aeng
080 _2VOLUME II
_a94
082 _a94
100 _a28
101 _aHIST
245 _aTHE CENTRALITY OF SCIENCE AND ABSOLUTE VALUES
_cANDERSSON .G
942 _2udc
_cBK
999 _c60303
_d60303